මෙත් සිතක මහිම /
Meth sithaka mahima
Saved in:
| Other Authors: | |
|---|---|
| Format: | Book |
| Published: |
යක්කල :
දිමුතු ප්රකාශකයෝ,
2025.
|
| Subjects: | |
| Tags: |
Add Tag
No Tags, Be the first to tag this record!
|
MARC
| LEADER | 00000nam a2200000 4500 | ||
|---|---|---|---|
| 003 | LK-CoNLD | ||
| 005 | 20260316113234.0 | ||
| 008 | 260210b |||||||| |||| 00| 0 ||| d | ||
| 015 | |2 slnb |a slnb202512 | ||
| 017 | |a 505289 |b LK-CoDNA | ||
| 020 | |a 9786249818644 | ||
| 040 | |a LK-CoNLD |b SIN |c LK-CoNLD |d LK-CoNLD | ||
| 082 | |2 23 |q LK-CoNLD |a 294.34 | ||
| 245 | |a මෙත් සිතක මහිම / |c සම්පාදනය කොස්වත්තේ අරියවිමල හිමි. | ||
| 260 | |a යක්කල : |b දිමුතු ප්රකාශකයෝ, |c 2025. | ||
| 300 | |a පි. 30 ; |b කබැ-බෝක : මිල නොදැක්වේ |c සෙමී. 21. | ||
| 500 | |a රු. 55.50 මිල තීරණය කිරීමේ මාර්ගෝපදේශයට අනුව සකසන ලද මිල වේ. | ||
| 650 | 0 | |a බුද්ධාගම-වත්පිළිවෙත් |9 25301 | |
| 650 | 0 | |a Buddhism - Doctrines |9 2964 | |
| 700 | |a අරියවිමල හිමි, කොස්වත්තේ |9 4156 |e සම්පා. | ||
| 880 | |6 245-1 |a Meth sithaka mahima | ||
| 942 | |c BOOK | ||
| 945 | |a 18246 |b Chamari MUTHUMALI |c 13 |d Ruwanthi NILMINI | ||
| 999 | |c 297355 |d 297355 | ||